书目信息 |
| 题名: |
会计学
|
|
| 作者: | 黎成器 主编 | |
| 分册: | ||
| 出版信息: | 成都 四川大学出版社 2002 |
|
| 页数: | 289页 | |
| 开本: | 23cm | |
| 丛书名: | ||
| 单 册: | ||
| 中图分类: | F230 | |
| 科图分类: | ||
| 主题词: | 会计学--高等学校 | |
| 电子资源: | ||
| ISBN: | 7-5614-2165-6 | |
| 000 | 00798nam0 2200229 45 | |
| 001 | 012002055022 | |
| 005 | 20050322085901.7 | |
| 010 | @a7-5614-2165-6@dCNY22.00 | |
| 100 | @a20020711d2002 em y0chiy0110 ea | |
| 101 | 0 | @achi |
| 102 | @aCN@b510000 | |
| 105 | @ay z 000yy | |
| 200 | 1 | @a会计学@Akuai ji xue@dAccounting@f黎成器主编@FLi Cheng Qi Zhu Bian |
| 210 | @a成都@c四川大学出版社@d2002 | |
| 215 | @a289页@d23cm | |
| 300 | @a高等学校经济学类专业核心课程系列教材 | |
| 330 | @a本书内容包括:总论、会计记账方法、会计记账程序、主要经济业务的核算和成本计算、会计记账依据、会计记账载体、会计核算形式、财产清查与资产评估、会计报表、会计工作组织。 | |
| 606 | 0 | @a会计学@x高等学校 |
| 690 | @aF230@v4 | |
| 701 | 0 | @a黎成器@4主编 |
| 801 | 0 | @aCN@bNLC@c20020715 |
| 905 | @f5@b346110-114@dF230@e136 | |
| 会计学=Accounting/黎成器主编.-成都:四川大学出版社,2002 |
| 289页;23cm |
| 高等学校经济学类专业核心课程系列教材 |
| ISBN 7-5614-2165-6:CNY22.00 |
| 本书内容包括:总论、会计记账方法、会计记账程序、主要经济业务的核算和成本计算、会计记账依据、会计记账载体、会计核算形式、财产清查与资产评估、会计报表、会计工作组织。 |
| ● |
| 相关链接 |
|
|
|
|
正题名:会计学
索取号:F230/136
 
预约/预借
| 序号 | 登录号 | 条形码 | 馆藏地/架位号 | 状态 | 备注 |
| 1 | 0346110 | 203461100 | 第一样本阅览室/ [索取号:F230/136] | 在馆 | |
| 2 | 0346111 | 203461119 | 第一借阅区/ [索取号:F230/136] | 在馆 | |
| 3 | 0346112 | 203461128 | 第一借阅区/ [索取号:F230/136] | 在馆 | |
| 4 | 0346113 | 203461137 | 第一借阅区/ [索取号:F230/136] | 在馆 | |
| 5 | 0346114 | 203461146 | 第一借阅区/ [索取号:F230/136] | 在馆 |